000 00358nam a2200157Ia 4500
003 OSt
005 20231123065042.0
008 170524s9999 xx 000 0 und d
020 _a9780070593749
040 _cIIMT UNIVERSITY
100 _aNorton Peter
245 0 _aIntroduction to Computer
260 _bTMH New Delhi
260 _c2007
942 _2ddc
_c02
999 _c4721
_d4721